Japanamerica : how Japanese pop culture has invaded the U.S. /

Detaylı Bibliyografya
Yazar: Kelts, Roland
Materyal Türü: Kitap
Dil:English
Baskı/Yayın Bilgisi: New York : Palgrave Macmillan, 2006.
Edisyon:First edition.
Konular:
Classic Catalogue: View this record in Classic Catalogue
LEADER 02135nam a2200433 a 4500
001 45739
003 BD-DhAAL
005 20260506174628.0
008 260506t2006 nyuaf 001 0 eng
010 |a  2006049109 
015 |a GBA682257  |2 bnb 
016 7 |a 013563153  |2 Uk 
020 |a 9781403974754 
020 |a 1403974756 
035 |a 14455207 
035 |a (OCoLC)70836803  |z (OCoLC)71808454 
040 |a DLC  |c DLC  |d BAKER  |d UKM  |d C#P  |d YDXCP  |d VP@  |d MUQ  |d BTCTA  |d UPP  |d DLC  |d BD-DhAAL 
043 |a n-us---  |a a-ja--- 
050 0 0 |a E169.12  |b .K46 2006 
082 0 0 |a 303.48/27305209045  |2 22 
100 1 |a Kelts, Roland.  |9 60537 
245 1 0 |a Japanamerica :  |b how Japanese pop culture has invaded the U.S. /  |c Roland Kelts. 
246 3 |a Japan America 
250 |a First edition. 
260 |a New York :  |b Palgrave Macmillan,  |c 2006. 
300 |a xi, 238 p., [8] p. of plates :  |b col. illustrations ;  |c 25 cm. 
500 |a Includes index. 
505 0 |a May the G-force be with you -- Atom boys -- The business of anime -- Toy story -- Japan's IP problem -- Strange transformations -- Cosplay and otakudom : the draw of DIY -- Future shocks -- Anime appeals. 
526 8 |a AAL 
541 1 |a Donated by Embassy of Japan in Bangladesh, Read Japan Project 2025, The Tokyo Foundation, supported by The Nippon Foundation.  |e 45739 
650 0 |a Popular culture  |z United States  |x Japanese influences.  |9 60538 
650 0 |a Popular culture  |z Japan.  |9 60539 
650 0 |a Social science. 
651 0 |a United States  |x Civilization  |y 1970- 
651 0 |a Japan  |x Civilization  |y 1945-  |9 60540 
852 1 |a Ayesha Abed Library  |c General Stacks 
942 |2 ddc  |c BK 
999 |c 47899  |d 47899 
952 |0 0  |1 0  |2 ddc  |4 0  |6 303_480000000000000_27305209045  |7 0  |9 79157  |a BRACUL  |b BRACUL  |c NEW  |d 2026-05-06  |e Donated by Embassy of Japan in Bangladesh, Read Japan Project 2025, The Tokyo Foundation, supported by The Nippon Foundation.  |l 0  |o 303.48/27305209045  |p 3010045739  |r 2026-05-06  |t 1  |w 2026-05-06  |y BK  |x Donated copy received from Embassy of Japan in Bangladesh, Read Japan Project 2025, The Tokyo Foundation, supported by The Nippon Foundation on 08 April 2026; $18.60